| 000 | 00838nam a22002295i 4500 | ||
|---|---|---|---|
| 001 | 152058 | ||
| 003 | ES-MaACL | ||
| 005 | 20230906204519.0 | ||
| 008 | 981002s1861 fr |||| | fre d | ||
| 040 |
_aGA _bspa _cCCPB | 3D |
||
| 100 | 1 |
_aBescherelle, Louis-Nicolas _cAîné. _9221791 |
|
| 245 | 1 | 0 |
_aDictionnaire national au Dictionnaire universel de la langue française / _cpar Bescherelle aîné. |
| 250 | _a9ème éd. | ||
| 260 |
_aParis : _bGarnier Frères, _c1861 ( _fImprimerie de Edouard Blot) |
||
| 300 |
_a2 v. ; _c32 cm. |
||
| 505 | 8 | _aContiene : t. 1. A-F--t. 2. G-Z | |
| 594 | 1 | _aPrecede al tít. : Monument élevé a la gloire de la langue et des lettres françaises. | |
| 597 | 1 | _aTexto a cuatro col. | |
| 752 |
_aFrancia - _d, París |
||
| 852 |
_aES-MaACL _jG-5784-5787 _z-- Enc. tela |
||
| 999 |
_c152058 _d152058 |
||